000 01466nam a2200469 i 4500
001 5248
003 KOSZ 005
005 20200624113906.0
008 020718s1978 pl a f |000 0 pol
015 _aUWD 1978/2577
035 _a991019043549705066
035 _a(PL-WaBN)b15158354-48omnis_nlop
035 _ab15158354
035 _a(OCoLC)830338519
035 _a(PL)b0000001515835
035 _a(EXLNZ-48OMNIS_NETWORK)9910141541205606
040 _aWA N
_cWA N
_dKOSZ 005/HR
041 0 _apol
046 _k1978
080 _a631.6
080 _a631.8
080 _a628.2/.3
100 1 _aKutera, Jan
_d(1925-2014)
_eAutor
245 1 0 _aWykorzystanie ścieków w rolnictwie /
_cJan Kutera.
260 _aWarszawa :
_bPaństwowe Wydawnictwo Rolnicze i Leśne,
_c1978.
300 _a490, [2] s. :
_bil. ;
_c25 cm.
336 _aTekst
_btxt
_2rdacontent
337 _aBez urządzenia pośredniczącego
_bn
_2rdamedia
338 _aWolumin
_bnc
_2rdacarrier
380 _aKsiążki
388 _a1901-2000
388 _a1945-1989
504 _aBibliogr.
650 7 _aŚcieki
_2DBN
650 7 _aZastosowanie i wykorzystanie
650 7 _aRolnictwo
658 _aRolnictwo i leśnictwo
710 2 _aPaństwowe Wydawnictwo Rolnicze i Leśne
856 _uhttp://koha.tu.koszalin.pl/cgi-bin/koha/opac-detail.pl?biblionumber=5248
_yKatalog online BPK
942 _2UKD
_cKS
999 _c5248
_d5248